Cervantes
Сохранить в:
| Главный автор: | |
|---|---|
| Формат: | |
| Язык: | французский |
| Опубликовано: |
París
Edition Pierre Seghers
1970
|
| Серии: | Escrivarius d'hier et d'aujausd'hui, 32
|
| Предметы: | |
| Метки: |
Добавить метку
Нет меток, Требуется 1-ая метка записи!
|
MARC
| LEADER | 00000nam a2200000 a 4500 | ||
|---|---|---|---|
| 001 | UCX2490 | ||
| 003 | CL-VaPUC | ||
| 008 | 910604e19700000FR |||||||||||||||||fre|d | ||
| 082 | 0 | 4 | |a 863.09 |b PEL |2 21 |
| 100 | 0 | |a Pelorson, Jean Marc |e author |9 318441 | |
| 245 | 1 | 0 | |a Cervantes |
| 300 | |a 190 p | ||
| 942 | |c BK | ||
| 945 | |d 19910604 00:00:00 | ||
| 260 | |a París |b Edition Pierre Seghers |c 1970 | ||
| 600 | 0 | |a Cervantes y Saavedra, Miguel de |9 267947 | |
| 650 | 0 | |a Crítica e interpretación |9 255042 | |
| 583 | |a last modification |c 19910604 00:00:00 |k Rodrigo Vera | ||
| 490 | 0 | |a Escrivarius d'hier et d'aujausd'hui, 32 | |
| 999 | |c 223500 |d 223498 | ||
| 952 | |0 0 |1 0 |4 0 |6 863_090000000000000_PEL_1970 |7 0 |8 A |9 219375 |a BIBEDU |b BIBEDU |d 2019-11-15 |i 313752K |o 863.09 PEL 1970 |p 313752K |r 2019-11-15 |w 2019-11-15 |y BK |k LIT | ||